'S' Baby Names (2009) Quiz Stats

Quiz Updated Aug 28, 2017

Challenge
Share
Tweet
Embed
Score 0/105 Timer 12:00
13 Plays Today
Rank Name % Correct
468Sam
93.3%
106Sara
85.3%
21Sarah
84%
15Samantha
81.2%
27Samuel
80.4%
610Steve
79.8%
201Stephen
78%
106Steven
76.3%
97Sean
67%
112Stephanie
66.6%
763Susan
65.9%
516Sandra
60.9%
210Shawn
58.9%
4Sophia
56.1%
65Sophie
54.5%
263Simon
48.1%
773Sharon
46.6%
498Shaun
44.4%
676Stanley
43.8%
342Scott
43.8%
111Sadie
42.2%
179Shane
40.1%
126Stella
39.3%
985Stefan
39.3%
36Sofia
39%
140Seth
38%
565Shannon
36.9%
70Sebastian
35.6%
48Sydney
35.5%
846Sidney
34.7%
529Sidney
34.7%
825Stacy
34.2%
40Savannah
32.8%
214Sabrina
32.6%
543Sylvia
31.5%
Rank Name % Correct
328Savanna
31.4%
355Saul
30.7%
393Serena
30.2%
323Selena
29.5%
620Simone
28.3%
198Sierra
27.5%
857Sonny
26.5%
261Sasha
26.1%
458Solomon
26%
610Scarlet
23.9%
196Sienna
23.4%
167Shelby
22.9%
175Summer
22.6%
685Sonia
22.1%
497Skylar
22%
185Skylar
22%
261Skyler
21.2%
419Skyler
21.2%
218Spencer
21%
548Skyla
19.9%
169Scarlett
19.7%
202Sawyer
19.2%
882Samson
19.1%
761Sage
19.1%
396Sage
19.1%
254Silas
17.5%
491Skye
17.2%
813Seamus
15.3%
891Salvatore
13.6%
224Sergio
13%
394Shayla
12.9%
94Serenity
12.2%
424Salvador
12%
652Sullivan
11.8%
983Stephany
11.6%
Rank Name % Correct
900Savanah
11.1%
604Shiloh
10.6%
842Shania
10.5%
897Sloane
10.4%
625Siena
10.3%
130Santiago
10.2%
994Stone
9.8%
510Samara
9%
740Soren
8.6%
937Slade
8.1%
399Sarai
7.1%
742Samir
6.6%
791Salma
6.2%
989Sydnee
6%
901Sterling
5.9%
808Shyla
5.8%
845Santos
5.2%
841Saige
5%
847Sylas
4.6%
901Shaylee
4.6%
687Santino
4.2%
812Shyanne
4%
642Sariah
3.6%
702Selah
3.6%
966Savion
3.1%
674Semaj
2.8%
700Sincere
2.8%
731Sanaa
2.7%
545Saniya
2.4%
504Saniyah
2.3%
774Shaniya
2%
994Samiyah
1.9%
542Sherlyn
1.7%
911Sarahi
1.6%
961Sanai
1.3%

You're not logged in!

Compare scores with friends on all Sporcle quizzes.
Join for Free
OR
Log In

You Might Also Like...

Show Comments

Extras

Top Quizzes Today


Score Distribution

Your Account Isn't Verified!

In order to create a playlist on Sporcle, you need to verify the email address you used during registration. Go to your Sporcle Settings to finish the process.

Report this User

Report this user for behavior that violates our Community Guidelines.

Details: